Statistics for Songs with Jesus on title

Click here to take the quiz!

General Stats

  • This quiz has been taken 11 times
  • The average score is 5 of 20

Answer Stats

HintAnswer% Correct
Jesus of Suburbia2004Green day
67%
Personal Jesus1989Depeche Mode
56%
Jesus walks2003Kayne West
44%
Jesus take the wheel2005Carrie Underwood
44%
Jesus He knows me1991Genesis
33%
Jesus to a child1996George Michael
33%
Jesus Freak1995DC Talk
33%
Jesus is just alright1966The Art Reynolds singers
22%
Jesus Christ pose1991Soundgarden
22%
American Jesus1993Bad Religion
11%
Jesus & Gravity2008Dolly Parton
11%
Jesus just left Chicago1973ZZ Top
11%
Jesus1973Queen
11%
Jesus was an only son2005Bruce Springsteen
11%
Jesus1969The Velvet Underground
11%
Jesus was a rock star2013Scott Stapp
11%
Street Jesus2013Aerosmith
11%
Jesus is love1980The Commodores
11%
Beer with Jesus2012Thomas Rhett
0%
Like Jesus do2013Eric Church
0%

Score Distribution

Percentile by Number Answered

Percent of People with Each Score

Your Score History

You have not taken this quiz